000 00908nam a2200157 4500
008 759.972.86 R934y
020 _a9879968530149
082 _a759.972.86
_bR934y
100 _aRuiz, Sofía
_96496
245 _aYo soy los otros:
_buna fisonomía propia
260 _aSan José, C.R.
_bFundación Museos Banco Central
_c2013
300 _a88 p.
_bill (col)
_c11 x 8.5 cm
505 _tPresentación
_tAgradecimientos
_tIntroducción
_tAcerca de la artista
_tUna fisonomía propia ¿Quién soy yo para mí? ¿Quién soy yo para los otros?
_tMás allá de lo retratado: asuntos de familia
_tDel jardín del inconsciente a los refugios mentales
_tDesde los otros
_tMás allá de lo real: la realidad
_tUna fisonomía propia
_tSofía Ruiz
_tCatálogo de obras en exhibición
650 _xarte contemporáneo
_xarte - exhibiciones
_xarte - pintura
_xpintura costarricense
_96497
700 _aMonge Picado, María José (curadora)
_96498
999 _c1542
_d1542